Vista normal Vista MARC

Entrada Topical Term

Número de registros utilizados en: 1

001 - CONTROL NUMBER

  • control field: 3340

003 - CONTROL NUMBER IDENTIFIER

  • control field: OSt

005 - DATE AND TIME OF LATEST TRANSACTION

  • control field: 20200421121338.0

008 - FIXED-LENGTH DATA ELEMENTS

  • fixed length control field: 200421|| aca||aabn | a|a d

040 ## - CATALOGING SOURCE

  • Original cataloging agency: OSt
  • Transcribing agency: OSt

150 ## - HEADING--TOPICAL TERM

  • Topical term or geographic name entry element: Conflicto armado

670 ## - SOURCE DATA FOUND

  • Source citation: Work cat.: (OSt)5006: Seminario Conflict and peace in Colombia (2003 : Washington) 3338, Conflicto y paz en Colombia : consecuencias y perspectivas para el futuro /, 2004